=LDR 00000nam 2200000 4500 =001 INLIS000000000046620 =005 20150414153726.0 =006 =007 =008 =035 ##$$0010-041500000000102 =082 ##$$a 028.55 =090 ##$$a 028.55 han a.3 =100 ##$$a ninik handriani =245 ##$$a aku cinta rasulullah =260 ##$$a gema insani =300 ##$$a hln. 120 =850 ##$$a NPBMAT =990 ##$$a 0001/BPAP-NTB/20142015